| 000 | 00459pab a2200157 454500 | ||
|---|---|---|---|
| 008 | 180718b2005 xxu||||| |||| 00| 0 eng d | ||
| 100 | _aJha, Praveen | ||
| 245 | _aState's growing intolerance towards labour in India: a note based on some recent developments | ||
| 260 | _c2005 | ||
| 300 | _ap.897-916. | ||
| 362 | _aOct-Dec | ||
| 650 | _aLabour policy - India | ||
| 650 | _aLabour policy | ||
| 773 | _aIndian Journal of Labour Economics | ||
| 909 | _a68913 | ||
| 999 |
_c68913 _d68913 |
||